000 00615nam a22001937a 4500
003 OSt
005 20251106011306.0
008 251106b |||||||| |||| 00| 0 eng d
020 _a978-0-4706-5573-3.
040 _aDWCL-Admin lib
_cOC
082 _aCirc. 720.47 P748b 2011
100 _aPohj, Jens
245 _aBuilding science : concepts and applications /
_cJens Pohj
260 _a UK :
_bWiley-Blackwell,
_cc2011.
300 _avii, 271 p. : ill. ;
_c25 cm.
504 _aIncludes bibliographical references & index.
650 _a1. Buildings-Environmental engineering.
942 _2ddc
_cBK-CIRC
_kCirc.
_n0
999 _c5521
_d5521